Impacts of Terrorism on American Politics in the 21st Century diplomová práca

Gespeichert in:
Bibliographische Detailangaben
1. Verfasser: Tibenská, Alžbeta
Körperschaft: Fakulta aplikovaných jazykov EU v Bratislave. Katedra interkultúrnej komunikácie
Weitere Verfasser: Bláhová, Mária
Format: Buch
Sprache:Englisch
Veröffentlicht: Bratislava 2018
Tags: Tag hinzufügen
Keine Tags, Fügen Sie das erste Tag hinzu!

MARC

LEADER 00000nbm a2200000 4500
001 0247198
005 20181010110655.4
041 0 |a eng 
044 |a SK 
245 1 0 |a Impacts of Terrorism on American Politics in the 21st Century  |b diplomová práca  |c Alžbeta Tibenská ; školiteľ: Mária Bláhová 
264 1 |a Bratislava  |c 2018 
300 |a 50 s. 
100 1 |a Tibenská, Alžbeta 
700 1 |a Bláhová, Mária 
710 2 |a Fakulta aplikovaných jazykov EU v Bratislave. Katedra interkultúrnej komunikácie